Music Quiz

Random Music or Song Quiz

Hit Songs: '80s, Not '70s Quiz Stats

 Plays Quiz Updated Sep 30, 2018

Support Sporcle.
Go Orange.
Score 0/12 Timer 02:00
1 Play Today
% Correct
Beat It
88.3%
Every Breath You Take
83.9%
Eye of the Tiger
79.6%
Take on Me
78.6%
Down Under
76.4%
Total Eclipse of the Heart
72.7%
Bette Davis Eyes
72.2%
Centerfold
70.4%
Another One Bites The Dust
67.4%
I Just Called to Say I Love You
66.7%
Physical
65.3%
Let's Dance
62.9%

You're not logged in!

Compare scores with friends on all Sporcle quizzes.
OR
Log In

From the Vault

Starts with 'Si'

by DeaconEcon

This quiz is simply sizzling.
Remove Ads.
Support Sporcle.
Get the best of Sporcle when you Go Orange. This ad-free experience offers more features, more stats, and more fun while also helping to support Sporcle. Thank you for becoming a member.

Show Comments

Extras

Top Quizzes Today


Score Distribution

Your Account Isn't Verified!

In order to create a playlist on Sporcle, you need to verify the email address you used during registration. Go to your Sporcle Settings to finish the process.

Report this User

Report this user for behavior that violates our Community Guidelines.

Details: